| 000 | 02099cam a22002891i 4500 | ||
|---|---|---|---|
| 003 | SA-RiAUC | ||
| 005 | 20241127082325.0 | ||
| 008 | 241127s1996 le g 000 0 ara c | ||
| 040 |
_aJO-MaAABU _bara _cSA-RiAUC _erda |
||
| 050 | 4 | _b.I26 1996 | |
| 082 | 0 | 4 | _a227.3 |
| 090 |
_a227.3 _bا ب ن ك |
||
| 100 | 1 |
_aابن كثير، إسماعيل بن عمر بن كثير، _d701-774 هجري _eمؤلف. |
|
| 245 | 1 | 0 |
_aتفسير القرآن العظيم / _cإسماعيل بن عمر بن كثير. |
| 250 | _aالطبعة الخامسة. | ||
| 264 | 1 |
_aبيروت : _bمؤسسة الكتب الثقافية، _c1996 |
|
| 300 |
_a4 مجلد، _b24 سم. |
||
| 336 |
_aنص _btxt _2rdacontent _3كتاب |
||
| 337 |
_aبدون وسيط _bn _2rdamedia |
||
| 338 |
_aمجلد _bnc _2rdacarrier |
||
| 630 | 2 | 7 |
_aالقرآن _xتفاسير مأثورة _2aucut |
| 730 | 2 | 2 | _aالقرآن |
| 856 |
_uhttp://www.saaid.net/book/2/407.zip _yDigital Copy _2 نرجو الانتباه لإمكانية وجود اختلاف في الطبعة أو الناشر بين البيانات على البوابة وما ستجده على الكتاب نظرا لمحدودية المعلومات المتاحة على الموقع الناشر للمادة. _3Please note that there may be a difference in the edition or publisher between the data on the portal and the book due to the limited information available on the publisher website for the material. |
||
| 856 |
_uhttp://saaid.net/book/open.php?cat=101&book=887 _yExternal Link _2 نرجو الانتباه لإمكانية وجود اختلاف في الطبعة أو الناشر بين البيانات على البوابة وما ستجده على الكتاب نظرا لمحدودية المعلومات المتاحة على الموقع الناشر للمادة. _3Please note that there may be a difference in the edition or publisher between the data on the portal and the book due to the limited information available on the publisher website for the material. |
||
| 942 |
_2ddc _cBOOK |
||
| 949 |
_aSA-JeALM _d241127 _ukhaled123 _n1 |
||
| 999 |
_c2803 _d2803 |
||